Porovnanie akciových indexov pomocou analýzy viackriteriálneho vyhodnocovania variant diplomová práca

Enregistré dans:
Détails bibliographiques
Auteur principal: Peťková, Natália
Collectivité auteur: Fakulta hospodárskej informatiky EU. Katedra operačného výskumu a ekonometrie
Autres auteurs: Pekár, Juraj, 1972-
Format: Livre
Langue:slovaque
Publié: Bratislava 2025
Tags: Ajouter un tag
Pas de tags, Soyez le premier à ajouter un tag!

MARC

LEADER 00000nbm a2200000 4500
001 0310450
005 20251201130201.7
041 0 |a slo 
044 |a SK 
245 1 0 |a Porovnanie akciových indexov pomocou analýzy viackriteriálneho vyhodnocovania variant  |b diplomová práca  |c Natália Peťková ; školiteľ: Juraj Pekár 
264 1 |a Bratislava  |c 2025 
300 |a 90 s. 
100 1 |a Peťková, Natália 
700 1 |a Pekár, Juraj, 1972- 
710 2 |a Fakulta hospodárskej informatiky EU. Katedra operačného výskumu a ekonometrie